La tache de psyche /
Guardado en:
| Autor Principal: | |
|---|---|
| Formato: | Libro |
| Publicado: |
Paris :
Armand Colin,
1914
|
| Materias: | |
| Etiquetas: |
Agregar Etiqueta
Sin Etiquetas, Sea el primero en etiquetar este registro!
|
| LEADER | 00505nam a22001695a 4500 | ||
|---|---|---|---|
| 001 | EHU.bham016554 | ||
| 003 | AR-BHAM | ||
| 005 | 20100510152340.0 | ||
| 008 | 130507s1914##################000#0#####d | ||
| 082 | 2 | 9 | |a 290.7 |
| 100 | 1 | |a Frazer, James G. | |
| 245 | 1 | 0 | |a La tache de psyche / |c James G. Frazer |
| 260 | |a Paris : |b Armand Colin, |c 1914 | ||
| 300 | |a 295 p. | ||
| 500 | |a Roth, Georges, Trad. | ||
| 653 | |a Religion comparada-enseÑanza | ||
| 859 | |a AR-BHAM |b BIB. HUMANIDADES - Arturo Marasso |h 290.7 |i F869 |p 2588.57 |t Ej.1 |v M | ||
